000 00655nam a2200205Ia 4500
005 20260121110031.0
008 008 260114s9999 xx 000 0 hin d
020 _a9788132350408
037 _aEBOOK
040 _aCRL
_bhin
_cCRL
041 _ahin
_2hin
084 _qCRL
100 _aचंद्रिका प्रसाद / Chandrika Prasad
_9941222
245 0 _aकृषि कीट विज्ञान / Krishi Keet Vigyan
260 _bभाषा प्रकाशन / Bhasha Prakashan
_c2020
856 _uhttps://bhashaprakashan.com/product-details/378292
942 _cEBOOK
999 _c1532887
_d1532887